000 00692 a2200205 4500
999 _c7283
_d7283
020 _a0415237963 (hbk. : alk. paper)
050 0 0 _aCC135 HEM 2005
245 0 0 _aHeritage interpretation /
_cedited by Alison Helms and Marion Blockley.
264 _aLondon:
_bRoutledge Taylor & Francis Group,
_c2005
300 _ax, 211 p. :
_bill., maps ;
500 _aIncludes index
504 _aIncludes bibliographical references and index.
650 0 _aHistoric sites
_xInterpretive programs.
650 0 _aHistoric sites
_xInterpretive programs.
651 0 _aGreat Britain
651 0 _aGreat Britain
700 1 _aBlockley, Marion R.
700 1 _aHems, Alison
942 _2lcc
_cBK
_h135
_iHEM
_kCC